|
|
|
|
| LEADER |
00000nab a2200000 a 4500 |
| 001 |
vtls000693560 |
| 003 |
SK-MaSNL |
| 005 |
20260303184007.0 |
| 008 |
180206c1999 xo 0 slo |
| 015 |
|
|
|a SNBRB1999/07-10999
|
| 035 |
|
|
|a CLN000045727
|
| 040 |
|
|
|a SNKBUCL
|b slo
|c SNKBUCL
|e AACR2
|
| 041 |
0 |
|
|a slo
|
| 044 |
|
|
|a xo
|c SK
|
| 080 |
|
|
|a 331.881(437.6):329.14(437.6)SDĽ
|2 UDC-MRF-SK2
|
| 080 |
|
|
|a 329.14(437.6)SDĽ
|2 UDC-MRF-SK2
|
| 100 |
1 |
|
|a Škrabálková, Margita
|4 aut
|9 842951
|
| 245 |
1 |
0 |
|a Vláda nechápe sociálny dialóg
|b pakt stability do odborovej centrály doteraz neprišiel
|c Margita Škrabálková
|
| 610 |
|
7 |
|a Konfederácia odborových zväzov Slovenskej republiky
|x Strana demokratickej ľavice
|y 8.7.1999
|2 snkbucl
|9 1213664
|
| 610 |
2 |
7 |
|a Strana demokratickej ľavice
|2 snkbucl
|9 165260
|
| 655 |
|
7 |
|a články z novín a časopisov
|2 snkbucl
|9 267496
|
| 773 |
0 |
|
|x 1335-4698
|t Slovenská republika
|g Roč. 7, č. 156 (9.7.1999), s. 2
|
| 850 |
|
|
|a Slovenská národná knižnica v Martine
|
| 852 |
|
|
|a SNK
|b KIS3GCP
|
| 958 |
|
|
|a RBX
|
| 999 |
|
|
|c 2124206
|d 2126136
|